[Event "Campeonato de Euskadi Absoluto 2015"]
[Site "Zornotza"]
[Date "2015.04.08"]
[Round "3"]
[White "Diez Fraile, David"]
[Black "Arce Balluerca, Jorge"]
[Result "1/2-1/2"]
[WhiteElo "2198"]
[BlackElo "1973"]

1.d4 Nf6 2.Nf3 g6 3.g3 Bg7 4.Bg2 O-O 5.c4 c5 6.O-O cxd4 7.Nxd4 d6 8.Nc3 
Nc6 9.Nxc6 bxc6 10.Bxc6 Bh3 11.Bg2 Bxg2 12.Kxg2 Qc7 13.Qa4 Rfc8 14.f3 Qxc4
15.Qxc4 Rxc4 16.Bd2 d5 17.b3 Rcc8 18.Rac1 d4 19.Nb5 Nd5 20.Kf2 a6 21.Na3 
Nc3 22.Rc2 a5 23.Rfc1 a4 24.bxa4 Rxa4 25.Nb5 Rc5 26.Nxc3 dxc3 27.Be1 f5 
28.e3 Kf7 29.Ke2 Ke6 30.Kd3 Rd5+ 31.Ke2 Rc5 32.Kd3 Kd5 33.Bxc3 Ra3 34.h3 
Rc4 35.h4 h5 36.Kd2 Bxc3+ 37.Rxc3 Rxa2+ 38.Kd3 Rxc3+ 39.Rxc3 Rg2 40.e4+ 
fxe4+ 41.fxe4+ Ke5 42.Rc5+ Kf6 43.Rg5 e5 44.Ke3 Rh2 45.Kf3 Ra2 46.Ke3 Ra3+
47.Ke2 Ra4 48.Ke3 1/2-1/2

[Event "Campeonato de Euskadi Absoluto 2015"]
[Site "Zornotza"]
[Date "2015.04.08"]
[Round "3"]
[White "Prieto Aranguren, Alain"]
[Black "Cucarella Montell, Angels"]
[Result "0-1"]
[WhiteElo "2181"]
[BlackElo "1949"]

1.d4 d5 2.c4 dxc4 3.e3 Nf6 4.Bxc4 e6 5.Nf3 c5 6.O-O a6 7.a4 b6 8.Nc3 Bb7 
9.Qe2 Qc7 10.dxc5 Bxc5 11.e4 Nbd7 12.h3 Ne5 13.Bf4 Nxf3+ 14.Qxf3 Bxf2+ 15.
Qxf2 Qxc4 16.Be5 Qc5 17.Bd4 Qe7 18.Bxb6 Nd7 19.Bd4 O-O 20.Qg3 e5 21.Be3 
Qe6 22.Rad1 Rac8 23.Nd5 Rc4 24.Bg5 f6 25.Bh6 Rf7 26.Qb3 Bxd5 27.exd5 Qb6+ 
28.Qxb6 Nxb6 29.Be3 Nxa4 30.Rf2 Rd7 31.Rd3 Nc5 32.Ra3 Rxd5 33.Bxc5 Rdxc5 
34.Rxa6 Rc1+ 35.Kh2 Rc7 36.b4 Rb1 37.Rb6 h5 38.b5 h4 39.g3 hxg3+ 40.Kxg3 
Rc3+ 41.Rf3 Rxf3+ 42.Kxf3 f5 43.h4 Rb3+ 44.Kf2 f4 45.h5 Kf7 46.Rb7+ Kf6 
47.b6 e4 48.Rb8 Rb2+ 49.Ke1 Kg5 50.b7 e3 51.h6 f3 52.Rd8 f2+ 53.Kf1 Rb1+ 
0-1

[Event "Campeonato de Euskadi Absoluto 2015"]
[Site "Zornotza"]
[Date "2015.04.08"]
[Round "3"]
[White "Hernandez Perez, Jesus"]
[Black "Jimenez Almeida, Luis David"]
[Result "0-1"]
[WhiteElo "2008"]
[BlackElo "2225"]

1.e4 c5 2.Nf3 Nc6 3.g3 e6 4.d3 d5 5.Nbd2 Nf6 6.Bg2 Be7 7.O-O O-O 8.Re1 b5 
9.e5 Nd7 10.Nf1 a5 11.h4 b4 12.Bf4 a4 13.a3 bxa3 14.bxa3 Ba6 15.N1h2 Rb8 
16.h5 Nd4 17.Nxd4 cxd4 18.h6 g6 19.Nf3 Qb6 20.Ra2 Rfc8 21.Bg5 Bf8 22.Qd2 
Rc3 23.Qf4 Rxa3 24.Rxa3 Bxa3 25.Nxd4 Bc5 26.Nf5 gxf5 27.d4 Qb4 28.Rd1 Be7 
29.Qh4 Re8 30.g4 Be2 31.gxf5 Bxd1 32.Bxe7 Rxe7 33.f6 Kf8 34.Qg5 Bxc2 35.
fxe7+ Ke8 36.Qc1 Qb1 0-1

[Event "Campeonato de Euskadi Absoluto 2015"]
[Site "Zornotza"]
[Date "2015.04.08"]
[Round "3"]
[White "Iraneta Unzue, Iker"]
[Black "Buiza Prieto, Eihartze"]
[Result "1-0"]
[WhiteElo "1995"]
[BlackElo "2107"]

1.e4 c5 2.Nf3 d6 3.d4 Nf6 4.Nc3 cxd4 5.Nxd4 g6 6.Be3 Bg7 7.f3 Nc6 8.Qd2 
O-O 9.g4 Nxd4 10.Bxd4 Be6 11.h4 Qa5 12.h5 Rac8 13.hxg6 fxg6 14.Bh3 Qb4 15.
O-O-O Ne8 16.Bxg7 Kxg7 17.Bg2 Nf6 18.Qh6+ Kf7 19.g5 Rxc3 20.bxc3 Qxc3 21.
gxf6 Kxf6 22.Qxf8+ 1-0

[Event "Campeonato de Euskadi Absoluto 2015"]
[Site "Zornotza"]
[Date "2015.04.08"]
[Round "3"]
[White "Goiria Egidazu, Jon Asel"]
[Black "Sanchez Ruesga, Hector"]
[Result "1-0"]
[WhiteElo "2003"]
[BlackElo "2099"]

1.e4 c5 2.Nc3 e6 3.f4 d5 4.Nf3 Nc6 5.Bb5 Ne7 6.exd5 exd5 7.Qe2 g6 8.Qe5 
Rg8 9.Bxc6+ bxc6 10.O-O Bg7 11.Qe1 Bf6 12.Ne5 Kf8 13.b3 Qa5 14.Na4 Kg7 15.
Ba3 Re8 16.Bxc5 Ba6 17.d3 Qc7 18.Ba3 Nf5 19.Nc5 Bc8 20.Bb2 d4 21.Qf2 Bxe5 
22.fxe5 Qe7 23.Bxd4 Nxd4 24.Qxd4 Qxe5 25.Qf2 Bf5 26.Rae1 Qd5 27.Ne4 a5 28.
Ng3 Bg4 29.c4 Qd7 30.Ne4 Bf5 31.Qb2+ Kh6 32.Nf6 Qa7+ 33.Kh1 Re6 34.Rxe6 
Bxe6 35.Qd2+ Kg7 36.Qg5 Qd4 37.Nh5+ Kg8 38.Nf4 Bf5 39.h4 Re8 40.h5 Bxd3 
41.Nxd3 Qxd3 42.Qf6 Qe2 43.Qxf7+ Kh8 44.Qf6+ Kg8 45.Rf3 Qe6 46.hxg6 hxg6 
47.Qg5 Kg7 48.Qxa5 Rh8+ 49.Kg1 Rh5 50.Qc7+ Kg8 51.Qd8+ Kh7 52.Qd2 Qe5 53.
Qd7+ Kh6 54.Qd2+ Kh7 55.Qf4 Qa1+ 56.Rf1 Qc3 57.Qf7+ Kh6 58.Qf8+ Qg7 59.Qd6
Qa7+ 60.Rf2 Rh1+ 61.Kxh1 Qxf2 62.Qh2+ Kg7 63.Qe5+ Kh7 64.a4 Qc2 65.Qe7+ 
Kh6 66.Qf8+ Kh5 67.Qf3+ Kh6 68.a5 Qa2 69.Qc3 c5 70.Kh2 g5 71.Qh3+ Kg6 72.
Qe6+ Kh5 73.Qf7+ Kh6 74.Qf6+ Kh5 75.a6 Kh4 76.Qf5 g4 77.Qf6+ Kh5 78.Qf7+ 
Kh4 79.Qh7+ Kg5 80.a7 g3+ 81.Kxg3 Qxb3+ 82.Kh2 Qa3 83.Qg8+ Kh4 84.a8=Q 1-0

[Event "Campeonato de Euskadi Absoluto 2015"]
[Site "Zornotza"]
[Date "2015.04.08"]
[Round "3"]
[White "Gonzalez Martinez, Miguel Ange"]
[Black "Urretabizkaia Merino, Asier"]
[Result "0-1"]
[WhiteElo "2101"]
[BlackElo "2094"]

1.c4 e5 2.Nc3 Nc6 3.g3 g6 4.Bg2 Bg7 5.d3 d6 6.e4 Be6 7.Nge2 Qd7 8.Nd5 Nce7
9.O-O c6 10.Nxe7 Nxe7 11.Nc3 Bh3 12.Be3 h5 13.f3 Be6 14.Rc1 h4 15.Rf2 hxg3
16.hxg3 f5 17.Ne2 c5 18.Qd2 Nc6 19.a3 a5 20.Rb1 Bf6 21.f4 Qh7 22.exf5 Bxf5
23.Kf1 Kd7 24.Ke1 Rhe8 25.Kd1 Bg4 26.Kc2 exf4 27.Bxc6+ bxc6 28.Nxf4 Be5 
29.Rh2 Qg8 30.Rbh1 Re7 31.Kc1 a4 32.Rh4 Bf5 33.R4h2 Kc7 34.Rf1 Qg7 35.Rh4 
Bf6 36.Rh2 Kd7 37.Nh5 Bxb2+ 38.Qxb2 Qxb2+ 39.Rxb2 Rxe3 40.g4 Bxd3 41.Rf7+ 
Ke6 42.Rbb7 Ke5 43.Kd2 Kd4 44.Nf4 Bxc4 45.Rfd7 d5 46.Rg7 Rf8 47.Rgf7 Rxf7 
48.Rxf7 g5 0-1

[Event "Campeonato de Euskadi Absoluto 2015"]
[Site "Zornotza"]
[Date "2015.04.09"]
[Round "4"]
[White "Gonzalez De La Torre, Santiago"]
[Black "Astasio Lopez, David"]
[Result "1-0"]
[WhiteElo "2429"]
[BlackElo "2401"]

1.d4 d5 2.c4 c6 3.Nc3 Nf6 4.e3 e6 5.Nf3 Nbd7 6.Bd3 Bd6 7.e4 dxe4 8.Nxe4 
Nxe4 9.Bxe4 e5 10.O-O exd4 11.Qxd4 Qf6 12.Bc2 Qxd4 13.Nxd4 Ne5 14.b3 O-O 
15.Bb2 Ng6 16.Rad1 Be5 17.Rfe1 Bf6 18.Ba3 Bg4 19.f3 Rfd8 20.Nxc6 Rxd1 21.
Rxd1 Bxf3 22.gxf3 bxc6 23.Be4 Rc8 24.Bc5 a5 25.Rd7 Nf4 26.Be3 Ne2+ 27.Kf2 
Nc3 28.Bd2 Nxe4+ 29.fxe4 Rd8 30.Rxd8+ Bxd8 31.b4 axb4 32.Bxb4 Bc7 33.h3 f6
34.a4 Kf7 35.a5 Ke6 36.Kf3 g6 37.Bc3 f5 38.Bd2 Kf6 39.h4 Ke6 40.a6 Bb6 41.
Be3 c5 42.Kf4 Kf6 43.exf5 gxf5 44.Bd2 Bc7+ 45.Kf3 Bb8 46.Bf4 Ba7 47.Bc7 
Ke6 48.Kf4 Kd7 49.Be5 Ke6 50.h5 h6 51.Bg7 Bb8+ 52.Kf3 Ba7 53.Bxh6 Kf6 54.
Bf4 Kf7 55.Ke3 Kf6 1-0

[Event "Campeonato de Euskadi Absoluto 2015"]
[Site "Zornotza"]
[Date "2015.04.09"]
[Round "4"]
[White "Franco Alonso, Alejandro"]
[Black "Ruiz Gomez, Alejandro"]
[Result "1-0"]
[WhiteElo "2447"]
[BlackElo "2397"]

1.d4 Nf6 2.c4 d6 3.Nf3 g6 4.Nc3 Bf5 5.Ng5 Bg7 6.h3 O-O 7.e4 Bd7 8.Be3 e5 
9.d5 h6 10.Nf3 Nh5 11.Nd2 Be8 12.c5 f5 13.Nb3 Nd7 14.Na5 f4 15.Bd2 Nxc5 
16.b4 Nd7 17.Nxb7 Qh4 18.Qg4 Qxg4 19.hxg4 Nhf6 20.f3 Rb8 21.Ba6 Nb6 22.Na5
Nc8 23.Rc1 Bd7 24.Bb7 Rf7 25.a3 h5 26.gxh5 Nxh5 27.Bc6 Bf6 28.Ne2 a6 29.
Kf2 Na7 30.Bxd7 Rxd7 31.a4 Rb6 32.Rc4 Bd8 33.Rhc1 Rb8 34.Kg1 Ra8 35.Nb7 c5
36.Nxd8 Rdxd8 37.bxc5 dxc5 38.Rxc5 Nf6 39.Ba5 Rd7 40.Bc7 Re8 41.R1c2 Kf7 
42.Nc1 Rde7 43.d6 Re6 44.Bb6 Nd7 45.Rc7 Rxd6 46.Bxa7 1-0

[Event "Campeonato de Euskadi Absoluto 2015"]
[Site "Zornotza"]
[Date "2015.04.09"]
[Round "4"]
[White "Ladron De Guevara Galar, Fco J"]
[Black "Huerga Leache, Mikel"]
[Result "0-1"]
[WhiteElo "2112"]
[BlackElo "2434"]

1.d4 Nf6 2.Nf3 c5 3.d5 e6 4.Nc3 Nxd5 5.Nxd5 exd5 6.Qxd5 Be7 7.e4 O-O 8.Bc4
d6 9.O-O Nd7 10.Qd1 Nb6 11.Be2 d5 12.exd5 Nxd5 13.c3 Bf5 14.Qb3 Nb6 15.c4 
Qc7 16.Be3 Nd7 17.Bd3 Bg4 18.Be4 Nf6 19.Qxb7 Qxb7 20.Bxb7 Rab8 21.Bc6 Rb6 
22.Ba4 Bxf3 23.gxf3 Rxb2 24.Rfb1 Rfb8 25.Bb3 Rxb1+ 26.Rxb1 Kf8 27.Bc2 
Rxb1+ 28.Bxb1 Bd6 29.Kf1 Nd7 30.f4 g6 31.Be4 Nb6 32.Bd3 f5 33.Ke1 Ke7 34.
Kd1 Nd7 35.Kc2 Nf8 36.Kb3 Ne6 37.Ka4 Bxf4 38.Kb5 Bxh2 39.Ka6 Kd6 40.Kxa7 
Kc7 41.Bd2 h5 42.Ba5+ Kc8 43.Be2 h4 44.Bf1 Bc7 45.Bb6 Bxb6+ 46.Kxb6 Nf4 
47.Kxc5 h3 48.Bxh3 Nxh3 0-1

[Event "Campeonato de Euskadi Absoluto 2015"]
[Site "Zornotza"]
[Date "2015.04.09"]
[Round "4"]
[White "Trigo Urquijo, Sergio"]
[Black "Argandona Riveiro, Inigo"]
[Result "0-1"]
[WhiteElo "2347"]
[BlackElo "2427"]

1.d4 d6 2.e4 e5 3.dxe5 dxe5 4.Qxd8+ Kxd8 5.Bc4 Ke8 6.Be3 a6 7.a4 Nd7 8.Nd2
Ne7 9.Ne2 Nc6 10.c3 Bc5 11.Bxc5 Nxc5 12.b4 Nd7 13.Nb3 a5 14.b5 Nd8 15.O-O 
Nb6 16.Bd3 Ne6 17.Ng3 Nd7 18.Bc4 Nec5 19.Nxc5 Nxc5 20.f4 exf4 21.Nh5 g5 
22.Nf6+ Kf8 23.Rfd1 Kg7 24.e5 Bf5 25.Rd4 Rhd8 26.Bd5 Rac8 27.Ra2 c6 28.Bf3
Rxd4 29.cxd4 Nb3 30.d5 cxd5 31.Bxd5 Rc1+ 32.Kf2 Nc5 33.Ne8+ Kf8 34.Nd6 Be6
35.Bxe6 fxe6 36.g3 b6 37.gxf4 Nd3+ 38.Ke3 Nxf4 39.Rf2 Kg7 40.h4 h6 41.hxg5
hxg5 42.Ne4 Kg6 43.Nf6 Rc3+ 44.Kd2 Ra3 45.Ng8 Kf5 46.Ne7+ Kxe5 47.Nc8 Kd4 
0-1

[Event "Campeonato de Euskadi Absoluto 2015"]
[Site "Zornotza"]
[Date "2015.04.09"]
[Round "4"]
[White "Cucarella Montell, Angels"]
[Black "Etchegaray, Patrice"]
[Result "1/2-1/2"]
[WhiteElo "1949"]
[BlackElo "2400"]

1.e4 c5 2.Nf3 Nc6 3.d4 cxd4 4.Nxd4 g6 5.Nc3 Bg7 6.Nde2 Nf6 7.g3 O-O 8.Bg2 
Rb8 9.a4 a6 10.O-O b5 11.axb5 axb5 12.Nd5 d6 13.Be3 b4 14.Nd4 Nxd4 15.Bxd4
Nxd5 16.exd5 Bf5 17.Bxg7 Kxg7 18.Qd4+ Kg8 19.Be4 Bxe4 20.Qxe4 Qd7 21.Rfe1 
Rfe8 22.Re2 Rb5 23.Rae1 Qb7 24.Qh4 Rxd5 25.Rxe7 Rxe7 26.Qxe7 Qxe7 27.Rxe7 
Rc5 28.Rb7 Rxc2 29.Rxb4 Kg7 30.Rd4 Rc6 31.Kf1 Kf6 32.Ke2 Ke5 33.Kd3 d5 34.
Rb4 h5 1/2-1/2

[Event "Campeonato de Euskadi Absoluto 2015"]
[Site "Zornotza"]
[Date "2015.04.09"]
[Round "4"]
[White "Villalta Bustillo, Igor"]
[Black "Diez Fraile, David"]
[Result "1/2-1/2"]
[WhiteElo "2242"]
[BlackElo "2198"]

1.e4 c5 2.Nf3 d6 3.Bb5+ Bd7 4.Bxd7+ Qxd7 5.O-O Nc6 6.c3 Nf6 7.d4 cxd4 8.
cxd4 d5 9.e5 Ne4 10.Ne1 h6 11.f3 Ng5 12.Nc3 e6 13.Be3 Be7 14.Nd3 O-O 15.
Nf4 Nh7 16.Qe1 f6 17.Ng6 Rf7 18.Nxe7+ Nxe7 19.exf6 Rxf6 20.Rd1 Raf8 21.Qd2
Nf5 22.Bf2 Qf7 23.Ne2 Ng5 24.Kh1 Nd6 25.Bh4 Qh5 26.Bxg5 hxg5 27.Ng3 Qh4 
28.Qe1 Rh6 29.h3 g4 30.fxg4 Rxf1+ 31.Nxf1 Qxg4 32.Nh2 Qf4 33.Qf1 Qe4 34.
Qd3 Rf6 35.Kg1 Rf7 36.Nf3 Qxd3 37.Rxd3 Ne4 38.Nd2 Nxd2 1/2-1/2

[Event "Campeonato de Euskadi Absoluto 2015"]
[Site "Zornotza"]
[Date "2015.04.09"]
[Round "4"]
[White "Jimenez Almeida, Luis David"]
[Black "Iraneta Unzue, Iker"]
[Result "1-0"]
[WhiteElo "2225"]
[BlackElo "1995"]

1.d4 Nf6 2.c4 g6 3.Nc3 Bg7 4.e4 d6 5.Be2 O-O 6.Nf3 e5 7.O-O Bg4 8.d5 Bxf3 
9.Bxf3 c6 10.Be3 c5 11.a3 h5 12.b4 b6 13.bxc5 bxc5 14.Rb1 Nbd7 15.Qa4 Nb6 
16.Qa6 Kh7 17.a4 Ne8 18.Be2 Qb8 19.Qb5 Qc7 20.a5 Nd7 21.Qa6 Qc8 22.Qxc8 
Rxc8 23.Rb7 Rc7 24.Rfb1 a6 25.g4 hxg4 26.Rxc7 Nxc7 27.Rb7 1-0

[Event "Campeonato de Euskadi Absoluto 2015"]
[Site "Zornotza"]
[Date "2015.04.09"]
[Round "4"]
[White "Arce Balluerca, Jorge"]
[Black "Goiria Egidazu, Jon Asel"]
[Result "1-0"]
[WhiteElo "1973"]
[BlackElo "2003"]

1.d4 Nf6 2.Bg5 e6 3.e3 c5 4.c3 Nc6 5.Nd2 Be7 6.Ngf3 cxd4 7.exd4 O-O 8.Bd3 
h6 9.h4 d6 10.Qe2 Nd5 11.O-O-O Bd7 12.Ne4 hxg5 13.hxg5 Nf4 14.Qe3 Nxd3+ 
15.Qxd3 f5 16.gxf6 Rxf6 17.Nfg5 Rh6 18.f4 d5 19.Rxh6 dxe4 20.Rh8+ 1-0

[Event "Campeonato de Euskadi Absoluto 2015"]
[Site "Zornotza"]
[Date "2015.04.09"]
[Round "4"]
[White "Marchena Hurtado, Javier"]
[Black "Urretabizkaia Merino, Asier"]
[Result "1-0"]
[WhiteElo "2316"]
[BlackElo "2094"]

1.e4 c5 2.Nf3 d6 3.d4 cxd4 4.Nxd4 Nf6 5.Nc3 a6 6.Be3 e5 7.Nf3 Be7 8.Bc4 
O-O 9.O-O Qc7 10.Bb3 Nbd7 11.Bg5 h6 12.Bxf6 Nxf6 13.Nd5 Nxd5 14.Bxd5 Bg4 
15.c3 Rac8 16.Qd3 Bxf3 17.Qxf3 Qb6 18.Qe2 Rc5 19.Rfd1 Rc7 20.a4 a5 21.Ra3 
Rb8 22.Rb3 Qa7 23.Rb5 Bd8 24.Qg4 Re7 25.Rd3 Kh8 26.Rf3 Bb6 27.Bxf7 Bxf2+ 
28.Kh1 b6 29.Be6 Bh4 30.Rd5 Qc7 31.Qg6 Bf6 32.Bf5 Kg8 33.Qh7+ Kf7 34.Bg4 
Ree8 35.Bh5+ Ke7 36.Rxf6 Kxf6 1-0

[Event "Campeonato de Euskadi Absoluto 2015"]
[Site "Zornotza"]
[Date "2015.04.09"]
[Round "4"]
[White "Arias Garcia, Luis Javier"]
[Black "Prieto Aranguren, Alain"]
[Result "1/2-1/2"]
[WhiteElo "2140"]
[BlackElo "2181"]

1.g3 Nf6 2.Bg2 g6 3.Nf3 Bg7 4.d4 O-O 5.c4 d6 6.O-O Nbd7 7.Nc3 e5 8.e4 c6 
9.h3 Qb6 10.d5 cxd5 11.cxd5 Nc5 12.Qe2 Bd7 13.Be3 Rfc8 14.Rab1 Qd8 15.Nd2 
Qe7 16.Rfc1 h5 17.Rc2 Nh7 18.Rbc1 h4 19.b4 Na4 20.Nb3 Nxc3 21.Rxc3 hxg3 
22.fxg3 Rxc3 23.Rxc3 Qe8 24.Na5 Bb5 25.Qc2 Ba4 26.Qc1 b6 27.Nc6 Nf8 28.Ra3
Bxc6 29.dxc6 Ne6 30.Qc4 Nc7 31.b5 Qe6 32.Bf1 d5 33.exd5 Qxd5 34.Qxd5 Nxd5 
35.Bf2 e4 36.Bc4 Bf8 37.Rb3 Nc7 38.a4 Bh6 39.Kf1 Re8 40.Bd4 Bg7 41.Be3 Be5
42.a5 Na8 43.g4 Bc7 44.Ra3 Kf8 45.axb6 Bxb6 46.Bxb6 Nxb6 47.Bb3 Nc8 48.Ra4
Re5 49.Bc4 Ke7 50.Be2 1/2-1/2

[Event "Campeonato de Euskadi Absoluto 2015"]
[Site "Zornotza"]
[Date "2015.04.09"]
[Round "4"]
[White "Buiza Prieto, Eihartze"]
[Black "Hernandez Perez, Jesus"]
[Result "1-0"]
[WhiteElo "2107"]
[BlackElo "2008"]

1.e4 e6 2.Nf3 d5 3.e5 c5 4.b4 cxb4 5.a3 b3 6.c3 b2 7.Bxb2 Nc6 8.d4 Bd7 9.
Bd3 f5 10.exf6 Nxf6 11.O-O Bd6 12.Re1 O-O 13.h3 Qc7 14.c4 Na5 15.c5 Bf4 
16.Bc3 Nc6 17.Ra2 Rae8 18.Rae2 Bc8 19.Qc2 g6 20.Nbd2 Qg7 21.Nf1 Nh5 22.Bb5
Re7 23.Bxc6 bxc6 24.Qa4 Bd7 25.Ne5 Bxe5 26.Rxe5 Nf4 27.Rb1 Nd3 28.Re2 Nxc5
29.Qxa7 Ne4 30.Bb4 Rfe8 31.Bxe7 Rxe7 32.Rb8+ Be8 33.Qa8 Kf7 34.Rb4 g5 35.
Qb8 Kg6 36.a4 c5 37.dxc5 Nxc5 38.h4 Nd3 39.Qd6 Nxb4 40.Rxe6+ Rxe6 41.Qxe6+
Qf6 42.Qxe8+ Kh6 43.hxg5+ Kxg5 44.Qe3+ Kg6 45.Qd2 Qd6 46.Ng3 Nc6 47.Ne2 
Qe5 48.Qc2+ Kg7 49.Qxc6 Qxe2 50.Qd7+ Kg6 51.Qd6+ Kg7 52.Qxd5 Qe1+ 53.Kh2 
Qxf2 54.Qe5+ Kf7 55.Qc7+ Ke6 56.Qg3 Qc5 57.Qh3+ Kf6 58.Qh6+ Kf7 59.Qxh7+ 
Kf6 60.Qh6+ Kf7 61.Qf4+ Ke8 62.g4 Qc2+ 63.Kg3 Qc3+ 64.Kh4 Qh8+ 65.Kg5 Qg7+
66.Kf5 Qf7+ 67.Ke4 Qb7+ 68.Kd4 Qb4+ 69.Ke5 Qe7+ 70.Kd5 Qb7+ 71.Kd4 Qb4+ 
72.Ke3 Qb3+ 73.Kf2 Qc2+ 74.Kf3 Qd1+ 75.Kg3 Qd3+ 76.Kh4 Qh7+ 77.Kg5 Qg7+ 
78.Kh5 Qh8+ 79.Qh6 Qe5+ 80.g5 Qe2+ 81.Kg6 Qe4+ 82.Kg7 Qxa4 83.Qe6+ Kd8 84.
g6 Qc2 85.Kg8 Kc7 86.g7 Kb7 87.Kf8 Ka8 88.g8=Q Qc7 89.Qa6+ Kb8 90.Qb3+ 1-0

[Event "Campeonato de Euskadi Absoluto 2015"]
[Site "Zornotza"]
[Date "2015.04.09"]
[Round "4"]
[White "Sanchez Ruesga, Hector"]
[Black "Gonzalez Martinez, Miguel Ange"]
[Result "1-0"]
[WhiteElo "2099"]
[BlackElo "2101"]

1.d4 e6 2.c4 Nf6 3.g3 c5 4.d5 exd5 5.cxd5 d6 6.Nc3 g6 7.Bg2 Bg7 8.Nf3 O-O 
9.O-O Re8 10.Nd2 a6 11.a4 Nbd7 12.h3 Rb8 13.Nc4 Ne5 14.Na3 Qc7 15.f4 Ned7 
16.e4 c4 17.Qe2 b5 18.axb5 axb5 19.Be3 Nc5 20.Ncxb5 Qb6 21.Nxd6 Qxd6 22.e5
Qf8 23.Nxc4 Nfe4 24.Kh2 f5 25.Nd6 Rd8 26.Qc2 Ba6 27.Nxe4 Bxf1 28.Bxc5 Bxg2
29.Qxg2 Qe8 30.Ng5 Qb5 31.b4 Qd3 32.d6 h6 33.Qa2+ Kh8 34.Nf7+ Kh7 35.Nxd8 
Rxd8 36.Re1 Qc3 37.Qe2 Ra8 38.d7 Ra3 39.d8=Q Qxg3+ 40.Kh1 Qh4 1-0

[Event "Campeonato de Euskadi Absoluto 2015"]
[Site "Zornotza"]
[Date "2015.04.10"]
[Round "5"]
[White "Diez Fraile, David"]
[Black "Marchena Hurtado, Javier"]
[Result "1/2-1/2"]
[WhiteElo "2198"]
[BlackElo "2316"]

1.e4 c5 2.Nf3 Nc6 3.d4 cxd4 4.Nxd4 Nf6 5.Nc3 d6 6.Bc4 e6 7.Bb3 Be7 8.Be3 
O-O 9.O-O Bd7 10.f4 Nxd4 11.Bxd4 Bc6 12.Qe2 b5 13.Rae1 a5 14.a3 Qd7 15.Nd5
exd5 16.exd5 Nxd5 17.Bxd5 Bxd5 18.Qxe7 Qxe7 19.Rxe7 b4 20.axb4 axb4 21.Rd1
Rfe8 22.Rxe8+ Rxe8 23.Kf2 1/2-1/2

[Event "Campeonato de Euskadi Absoluto 2015"]
[Site "Zornotza"]
[Date "2015.04.10"]
[Round "5"]
[White "Prieto Aranguren, Alain"]
[Black "Ladron De Guevara Galar, Fco J"]
[Result "1/2-1/2"]
[WhiteElo "2181"]
[BlackElo "2112"]

1.e4 e5 2.Nf3 Nc6 3.Bc4 Nf6 4.Ng5 d5 5.exd5 Na5 6.Bb5+ c6 7.dxc6 bxc6 8.
Be2 h6 9.Nf3 e4 10.Ne5 Bc5 11.c3 Bd6 12.d4 exd3 13.Nxd3 Qc7 14.h3 O-O 15.
O-O Bf5 16.Nd2 Rfe8 17.Nf3 c5 18.b4 Rad8 19.bxc5 Bxc5 20.Bf4 Qc8 21.Nd4 
Ne4 22.Rc1 Ba3 23.Rc2 Bh7 24.Bg4 Nxc3 25.Qd2 Qc4 26.Rxc3 Qxd4 27.Be3 Nc4 
28.Bxd4 Nxd2 29.Rd1 Rxd4 30.Rxa3 Nc4 31.Rb3 Red8 32.Be2 Nb6 1/2-1/2

[Event "Campeonato de Euskadi Absoluto 2015"]
[Site "Zornotza"]
[Date "2015.04.10"]
[Round "5"]
[White "Goiria Egidazu, Jon Asel"]
[Black "Arias Garcia, Luis Javier"]
[Result "0-1"]
[WhiteElo "2003"]
[BlackElo "2140"]

1.e4 g6 2.d4 Bg7 3.Nf3 d6 4.Nc3 Nf6 5.Be2 c5 6.dxc5 Qa5 7.O-O Qxc5 8.Nb5 
a6 9.Be3 Qc6 10.e5 axb5 11.exf6 Bxf6 12.Nd4 Qd7 13.Bxb5 Nc6 14.Qf3 d5 15.
Rad1 O-O 16.c4 Rxa2 17.Rfe1 Rxb2 18.Bc1 Nxd4 19.Qxf6 exf6 20.Bxd7 Ne2+ 21.
Kf1 Nxc1 22.Bxc8 Rxc8 23.Rxc1 dxc4 24.Re7 c3 25.Ke1 b5 26.Rb7 Re8+ 27.Kf1 
b4 28.g4 c2 29.Kg2 b3 30.Ra1 Ra2 31.Rc1 0-1

[Event "Campeonato de Euskadi Absoluto 2015"]
[Site "Zornotza"]
[Date "2015.04.10"]
[Round "5"]
[White "Iraneta Unzue, Iker"]
[Black "Sanchez Ruesga, Hector"]
[Result "1/2-1/2"]
[WhiteElo "1995"]
[BlackElo "2099"]

1.e4 c5 2.Nf3 e6 3.d4 cxd4 4.Nxd4 a6 5.Nc3 Qc7 6.Be2 Nf6 7.O-O d6 8.a4 b6 
9.Bf3 Bb7 10.Re1 Nbd7 11.g3 Be7 12.Bg2 O-O 13.Qe2 Rfe8 14.Bd2 Bf8 15.Rad1 
Rac8 16.Bc1 g6 17.h4 Bg7 18.g4 d5 19.e5 Ne4 20.Nxe4 dxe4 21.Bxe4 Bxe4 22.
Qxe4 Bxe5 23.c3 Bg7 24.Re3 e5 25.Nc2 Nc5 26.Qf3 Rcd8 27.Nb4 Rxd1+ 28.Qxd1 
Rd8 29.Nd5 Qd7 30.c4 b5 31.axb5 axb5 32.b3 bxc4 33.bxc4 Ne6 34.Ba3 Nd4 35.
Be7 Re8 36.Nf6+ Bxf6 37.Bxf6 Qc6 38.Bxe5 Rxe5 39.Qxd4 Rxe3 40.fxe3 Qf3 41.
g5 Qg3+ 42.Kf1 Kf8 43.Qd8+ Kg7 44.Qd4+ Kf8 45.c5 Ke8 46.Qe4+ Kd8 47.Ke2 
Kc7 48.Kd3 Qe1 49.Qd4 Qb1+ 50.Kc4 Qa2+ 51.Kd3 Qb1+ 52.Ke2 Qa2+ 53.Kf3 Qe6 
54.Kg3 Kc6 55.e4 Qb3+ 56.Kf4 Qe6 57.Qb4 Qh3 58.Qb6+ Kd7 59.c6+ Ke8 60.Qb8+
Ke7 61.Qe5+ Kf8 62.c7 Qh2+ 63.Kg4 Qxe5 64.c8=Q+ Ke7 65.Qb7+ Ke6 66.Qc6+ 
Ke7 67.Qb7+ Kf8 68.Qd5 Qb2 69.e5 Qe2+ 70.Kg3 Qe3+ 71.Kg4 Qg1+ 72.Kh3 Qf1+ 
73.Kh2 Qf4+ 74.Kh3 Qf5+ 75.Kh2 Qf2+ 76.Kh3 Kg7 77.Kg4 h5+ 78.gxh6+ Kxh6 
79.Qe4 Qg1+ 80.Kh3 Qf1+ 81.Kg3 Qg1+ 82.Kh3 Qf2 83.Kg4 Qg1+ 84.Kh3 Qf2 
1/2-1/2

[Event "Campeonato de Euskadi Absoluto 2015"]
[Site "Zornotza"]
[Date "2015.04.10"]
[Round "5"]
[White "Urretabizkaia Merino, Asier"]
[Black "Buiza Prieto, Eihartze"]
[Result "1/2-1/2"]
[WhiteElo "2094"]
[BlackElo "2107"]

1.d4 Nf6 2.c4 c5 3.d5 b5 4.Nf3 d6 5.Nbd2 bxc4 6.e4 c3 7.bxc3 g6 8.Bd3 Bg7 
9.O-O O-O 10.h3 Nbd7 11.Nc4 Nb6 12.Re1 Nxc4 13.Bxc4 Nd7 14.Qd3 Nb6 15.Bb5 
Bd7 16.Rb1 Bxb5 17.Rxb5 Qd7 18.c4 e6 19.Bf4 e5 20.Bd2 h6 21.Ba5 f5 22.Nd2 
Bf6 23.Reb1 Bd8 24.R1b3 Kh7 25.Ra3 Bc7 26.f3 Rfb8 27.Rab3 Rf8 28.Rb1 Rfb8 
29.R1b3 Kg7 30.Rb1 Rf8 31.Qc2 Rfb8 32.Qd3 Rf8 33.Qc2 Rfb8 1/2-1/2

[Event "Campeonato de Euskadi Absoluto 2015"]
[Site "Zornotza"]
[Date "2015.04.10"]
[Round "5"]
[White "Gonzalez Martinez, Miguel Ange"]
[Black "Hernandez Perez, Jesus"]
[Result "1-0"]
[WhiteElo "2101"]
[BlackElo "2008"]

1.e4 d6 2.d4 Nf6 3.Nc3 g6 4.f4 Bg7 5.e5 dxe5 6.dxe5 Qxd1+ 7.Kxd1 Ng4 8.Ke1
c6 9.Bc4 O-O 10.h3 Nh6 11.Nf3 Na6 12.g4 b5 13.Bb3 Nc5 14.Be3 Nxb3 15.axb3 
f6 16.exf6 exf6 17.Rxa7 Rxa7 18.Bxa7 Bb7 19.Bc5 Rd8 20.Kf2 Bf8 21.b4 Kf7 
22.Ra1 Ng8 23.Ra7 Rd7 24.Ne4 Bc8 25.Ra8 Bxc5+ 26.bxc5 Bb7 27.Ra7 Bc8 28.
Nd6+ 1-0

[Event "Campeonato de Euskadi Absoluto 2015"]
[Site "Zornotza"]
[Date "2015.04.10"]
[Round "5"]
[White "Ruiz Gomez, Alejandro"]
[Black "Cucarella Montell, Angels"]
[Result "1-0"]
[WhiteElo "2397"]
[BlackElo "1949"]

1.e4 c5 2.Nf3 e6 3.b3 Nc6 4.Bb5 Nd4 5.Nxd4 cxd4 6.O-O a6 7.Bd3 Ne7 8.Bb2 
Nc6 9.f4 d6 10.c3 Qb6 11.Kh1 Be7 12.Na3 Bf6 13.Nc4 Qc7 14.Ba3 Be7 15.e5 
dxe5 16.Bxe7 Qxe7 17.fxe5 O-O 18.Rf4 f5 19.cxd4 g5 20.Rf1 Nxd4 21.Qe1 Bd7 
22.Qe3 Nb5 23.Rac1 Bc6 24.Na5 Bd5 25.a4 Na7 26.Bc4 Rfd8 27.Bxd5 Rxd5 28.
Nc4 Nc8 29.a5 Qg7 30.Rc3 Ne7 31.Nb6 Rxe5 32.Qd4 Rf8 33.Rc7 Rf7 34.Qd8+ Qf8
35.Qxf8+ 1-0

[Event "Campeonato de Euskadi Absoluto 2015"]
[Site "Zornotza"]
[Date "2015.04.11"]
[Round "6"]
[White "Franco Alonso, Alejandro"]
[Black "Huerga Leache, Mikel"]
[Result "1/2-1/2"]
[WhiteElo "2447"]
[BlackElo "2434"]

1.c4 Nf6 2.d4 e6 3.Nf3 b6 4.g3 Ba6 5.Qc2 Bb7 6.Bg2 c5 7.d5 exd5 8.cxd5 
Nxd5 9.O-O Be7 10.Rd1 Nc6 11.Qa4 Nf6 12.e4 O-O 13.e5 Ne8 14.Nc3 Nc7 15.Be3
Ne6 16.Rd2 Qe8 17.Rad1 Rd8 18.Nd5 Ba8 19.h4 h6 20.Nxe7+ Nxe7 21.Qxa7 Bc6 
22.Qxb6 Nf5 23.Qb3 Ra8 24.Re1 Qb8 25.Qxb8 Rfxb8 26.b3 Ra3 27.Rc1 Nxe3 28.
fxe3 Rba8 29.Rcc2 c4 30.Rxc4 Rxa2 31.Rxa2 Rxa2 32.Ne1 Bxg2 33.Nxg2 Ra5 34.
b4 Rxe5 35.Kf2 Kf8 36.Nf4 Nxf4 37.exf4 Rb5 38.Ke3 d5 39.Rc5 Rxb4 40.Rxd5 
1/2-1/2

[Event "Campeonato de Euskadi Absoluto 2015"]
[Site "Zornotza"]
[Date "2015.04.11"]
[Round "6"]
[White "Trigo Urquijo, Sergio"]
[Black "Etchegaray, Patrice"]
[Result "1-0"]
[WhiteElo "2347"]
[BlackElo "2400"]

1.d4 Nf6 2.c4 g6 3.f3 Bg7 4.e4 d6 5.Ne2 O-O 6.Be3 c5 7.d5 e6 8.Nec3 exd5 
9.cxd5 Na6 10.Be2 Rb8 11.O-O Nc7 12.a4 Nfe8 13.Nd2 b6 14.Nb5 Nxb5 15.axb5 
Ra8 16.Ra2 Nc7 17.Qb3 Re8 18.Rfa1 Nxd5 19.Qxd5 Be6 20.Qd3 Bxa2 21.Rxa2 d5 
22.b3 Qd7 23.Bf2 Rad8 24.exd5 Qxd5 25.Qxd5 Rxd5 26.Bc4 Rd7 27.g3 h6 28.Kg2
Kh7 29.h4 f5 30.f4 Bc3 31.Nf3 Kg7 32.Rc2 Ba1 33.Be1 Re3 34.Bd2 Re4 35.Ne5 
Rc7 36.Ra2 Bxe5 37.fxe5 Re7 38.e6 g5 39.hxg5 hxg5 40.Bxg5 R7xe6 41.Bxe6 
Rxe6 42.Bd8 Re3 43.Rxa7+ Kg6 44.Bxb6 Rxb3 45.Bxc5 Rxb5 46.Be3 Rd5 47.Ra6+ 
Kf7 48.Kf3 Rb5 49.Kf4 Rd5 50.Bc1 Rb5 1-0